Governing without a majority : dilemmas for hung parliaments in Britain /

Bibliographic Details
Main Author: Butler, David, 1924-
Format: Book
Language:English
Published: London : Collins, 1983.
Subjects:

MARC

Tag First Indicator Second Indicator Subfields
LEADER 00000cam a2200000 a 4500
001 in00000577145
005 20151014060239.0
008 850328s1983 enk b 00110 eng
010 |a  83174265  
020 |a 000217071X :  |c 7.95 
020 |a 0002171546 (jacket) 
035 |a (OCoLC)09674788 
035 |9 ACM7087AM 
039 0 |a 2  |b 3  |c 3  |d 3  |e 3 
040 |a DLC  |c DLC  |d TXA  |d UtOrBLW 
043 |a e-uk--- 
049 |a TXAM  |c [A09170299] 
050 0 0 |a JN231  |b .B83 1983 
082 0 |a 320.941  |2 19 
100 1 |a Butler, David,  |d 1924- 
245 1 0 |a Governing without a majority :  |b dilemmas for hung parliaments in Britain /  |c David Butler. 
264 1 |a London :  |b Collins,  |c 1983. 
300 |a 156 pages ;  |c 22 cm. 
336 |a text  |b txt  |2 rdacontent 
337 |a unmediated  |b n  |2 rdamedia 
338 |a volume  |b nc  |2 rdacarrier 
500 |a Includes index. 
504 |a Bibliography: pages [151]-152. 
610 1 0 |a Great Britain.  |b Parliament. 
650 0 |a Coalition governments  |z Great Britain. 
650 0 |a Representative government and representation  |z Great Britain. 
651 0 |a Great Britain  |x Politics and government  |y 20th century. 
999 |a MARS 
999 f f |s 75e4d443-1fcd-3d8b-8b94-81e338024884  |i 9d26b8c0-d9cb-37db-83b1-8c54fc187a75  |t 0 
952 f f |p ric  |a Texas A&M University  |b Rellis Campus  |c Joint Library Facility  |d Remote Storage  |t 0  |e JN231 .B83 1983  |h Library of Congress classification  |i unmediated -- volume  |m A14809170299 
998 f f |a JN231 .B83 1983  |t 0  |l Remote Storage